01585nam a2200385 a 4500001001000000003000500010005001700015008004100032010001100073011001100084040000900095090001000104100003500114245013600149260004100285500006000326502006900386590004000455590004000495590004000535590004000575650002000615650003300635650003200668650003500700650004300735650003300778856007000811901000700881942001000888942000600898999001900904952014000923952013601063000112450CHAP20220329144306.0160411s2016 mx a fsm |||||||spa d a108911 a109883 cCHAP aTesis1 aFlores Pérez, Silvia913074810aAbastecimiento de nitrógeno en lisianthus (Eustoma grandiflorum Raf.) cv. ABC2 Lavanda/h[En línea]cpor Silvia Flores Pérez. aChapingo, Méx. :bEl autor,c2016. aPara ver el contenido del material haga clic en la liga aTesis (M.C. en Horticultura) -- UACH. Departamento de Fitotecnia aE6096MTMb05c20160411lUCH01h1452 aE6096MTMb05c20160411lUCH01h1455 aE6096MTMb05c20160412lUCH01h1422 aE6096MTMb05c20160413lUCH01h140614aBiomasa.91282514aEustoma grandiflorum.93890514aFloresxRendimiento.94140714aNitrógeno en plantas.98147614aNitrógenoxEfecto en plantas.98145714aPlantasxNutrición.988874 aFinding aiduhttp://10.13.5.2/tesis/sist112450.pdfzTeclea aquí aBK cTESIS n0 c108911d108911 00102local4053708TESISaBCbBCcPA_TESISd2016-04-11fTESISl0oTesisp33724002521306r2019-12-31 00:00:00tc.2w2019-12-31yTESIS 00104054718TESISaBCbBCd2016-04-11fTESISl0oTesisp33724002521347r2019-12-31 00:00:00w2019-12-31yTESISzRecien adquirido